Chaco : música toba /

La música toba presentada por Johanna, una niña chaqueña de 10 años que vive en el barrio toba de Resistencia, Chaco. Forma parte del coro de niños tobas que dirige su abuela Zunilda.

Guardado en:
Autor Principal: Olivera, Luciano
Autor Corporativo: Canal Encuentro.
Otros Autores: Spasiuk, Chango; Conducción.
Formato: Deslizar
Publicado: Argentina, 2009.
Series:Pequeños Universos
Materias:
Acceso en línea:https://www.educ.ar/recursos/50575/chaco-musica-toba
Etiquetas: Agregar Etiqueta
Sin Etiquetas, Sea el primero en etiquetar este registro!
LEADER 01184ngm a22003375g 4500
001 CEM.cems024044
008 130507s2009##################0###0#####d
005 20250807161247.0
245 1 0 |a Chaco :  |b música toba /  |c Luciano Olivera. 
260 |a Argentina,  |c 2009. 
300 |a 28'. 
490 0 |a Pequeños Universos 
538 |a Soporte: DVD - Grabación DRD 
520 |a La música toba presentada por Johanna, una niña chaqueña de 10 años que vive en el barrio toba de Resistencia, Chaco. Forma parte del coro de niños tobas que dirige su abuela Zunilda. 
500 |a Consultar en ventanilla. 
100 1 |a Olivera, Luciano 
700 1 |a Spasiuk, Chango; Conducción. 
710 2 |a Canal Encuentro. 
082 7 8 |/ OLI 
653 |a MÚSICA 
653 |a MUSICA ARGENTINA 
653 |a FOLKLORE 
653 |a FOLKLORE ARGENTINO 
653 |a MUSICA POPULAR ARGENTINA 
653 |a MUSICA DE RAIZ FOLKLÓRICA 
653 |a CHACO 
653 |a TOBAS 
653 |a DANZAS ARGENTINAS 
653 |a SERIE DE TELEVISIÓN 
856 |u https://www.educ.ar/recursos/50575/chaco-musica-toba 
859 |a CEMS  |b BIB. CEMS - Depto. Recursos Didacticos  |h 780  |i OLI  |k DRD  |p 2687.16  |t Ej.1